000 00534nam a22001937a 4500
003 UA-OsUOA
001 41671
007 ta
008 20080926b un ||||| |||| 00| 0 ukr d
090 _a94(477).152
942 _cBR
040 _aUA-OsUOA
_bukr
_cUA-OsUOA
_dUA-OsUOA
245 _a60-літній ювілей Українського Інституту ім. П. Могили
955 _a4
041 _aukr
080 _a94(477).152
650 7 _a9 Географія. Біографії. Історія
_2UDC
999 _c440172
_d440172